Most Popular Baby Names - Statistics

General Stats
  • This quiz has been taken 152 times
  • The average score is 67 of 200
Answer Stats
Starts with Answer % Correct
W William
95%
A Alexis
84%
A Albert
83%
J Jacob
82%
Ed Edouard
80%
L Liam
79%
E Eli
78%
Li Livia
77%
O Olivia
76%
T Thomas
76%
E Emma
75%
El Eloi
74%
J James
74%
Ly Lyam
73%
J Jackson
70%
E Emile
68%
J Jack
68%
Lo Louka
68%
Al Alexandre
65%
A Alexia
65%
Lo Loik
65%
L Lucas
65%
D Daniel
64%
He Henri
64%
J Julia
64%
A Anna
63%
C Charles
63%
E Eve
63%
Ev Evelyne
63%
A Alex
62%
N Noah
62%
E Eva
61%
M Michael
61%
A Annabelle
60%
V Victor
60%
Ch Charlie
59%
Da David
58%
L Lexie
58%
Li Lily-Rose
58%
E Elizabeth
57%
N Nathan
57%
Z Zachary
57%
Z Zack
57%
Za Zackary
57%
Lu Ludovic
56%
Ni Nicolas
55%
El Elisabeth
54%
E Ella
54%
E Ethan
54%
M Mia
52%
O Oliver
52%
C Charlotte
51%
B Benjamin
50%
Em Emilie
50%
J Jasmine
50%
Lo Louis
50%
M Mateo
50%
Ma Matheo
50%
M Mathias
50%
Ma Mathis
50%
Ma Matteo
50%
S Samuel
50%
Le Lea-Rose
49%
Lo Loic
49%
L Leo
48%
L Lily
48%
E Emily
46%
Ty Tyler
46%
V Victoria
45%
El Ellie
43%
S Sara
43%
S Sarah
43%
S Sofia
43%
S Sophia
43%
A Amelia
42%
J Joshua
42%
J Julien
42%
J Justin
42%
Ph Philippe
42%
S Sophie
42%
M Madison
41%
T Theo
41%
Th Theodore
41%
A Adam
40%
A Anthony
40%
C Chloe
39%
L Logan
39%
M Maika
38%
L Laura
37%
X Xavier
37%
A Abby
36%
Ab Abigaelle
36%
L Lea
36%
Z Zoe
36%
Z Zoey
36%
R Ryan
34%
Ay Ayden
33%
Ja Jayden
33%
A Arthur
32%
Ev Evan
32%
L Laurence
32%
J Jordan
31%
Ma Mayson
31%
Ro Rosalie
31%
R Rose
31%
I Isaac
30%
F Florence
29%
G Gabriel
29%
M Megan
29%
Me Megane
29%
El Eleonore
28%
A Alice
27%
J Jade
27%
J Jake
27%
L Leon
27%
M Maelie
27%
M Maely
27%
M Maeva
27%
Ar Ariane
25%
Ax Axel
25%
Mi Mila
24%
T Tom
23%
Ju Juliette
22%
D Dylan
20%
E Eliot
20%
El Eliott
20%
El Elliot
20%
Ma Maxime
20%
V Vincent
19%
Ad Adrien
18%
C Clara
18%
L Leonard
18%
M Maya
18%
M Mya
18%
No Nolan
18%
Op Ophelie
18%
S Simon
18%
C Caleb
17%
Ya Yasmine
17%
A Alicia
16%
A Alycia
16%
E Elias
16%
D Derek
14%
K Kayla
14%
Le Leanne
14%
A Alyssa
12%
H Hugo
12%
Ju Jules
12%
R Rafael
12%
Ra Raphael
12%
Ad Adele
11%
A Arielle
11%
G Gabrielle
11%
Ma Marianne
11%
Ra Raphaelle
11%
Da Damien
10%
El Eloise
10%
Ar Arnaud
9%
Hu Hubert
9%
Ma Mathilde
9%
F Felix
8%
J Justine
8%
El Elena
7%
Ma Margot
7%
S Stella
7%
Ag Agathe
6%
B Beatrice
6%
Je Jeanne
6%
T Tristan
6%
C Camille
5%
El Eliane
5%
Et Etienne
5%
Li Lina
5%
Ha Hayden
4%
Ma Maverick
4%
Re Remi
4%
S Simone
4%
An Antoine
3%
Cl Clemence
3%
El Elodie
3%
La Laurent
3%
Me Melodie
3%
No Noemie
3%
Ro Romy
3%
De Delphine
2%
Em Emy
2%
En Enzo
2%
Oc Oceane
2%
Oc Oceanne
2%
Ro Romane
2%
An Anais
1%
Au Aurelie
1%
Fl Flavie
1%
La Laurie
1%
Mi Milan
1%
Ra Rayan
1%
Co Coralie
0%
Le Leonie
0%
Ma Magalie
0%
M Malik
0%
No matching quizzes found
Score Distribution
Percent of People with Each Score
Percentile by Number Answered
Your Score History
You have not taken this quiz